Peep Show Trivia #3 - Statistics

General Stats
  • This quiz has been taken 23 times
  • The average score is 6 of 15
Answer Stats
Hint Answer % Correct
What was the first line of Jez's poetry? Fuck you, Bush
87%
What did Mark buy Jez (and Dobby) for Christmas? Kitchen tongs
70%
What does Elena like watching at the park? DILFs
65%
What did Big Suze nickname her new boyfriend Stu? Hunk of Monk
57%
What film did Jez and Zahra watch together? Amelie
52%
What did Mark's publisher autocorrect 'Anubis' to in the chapter title 'Make UK Company Law into your Anubis'? Omnibus
43%
Where did Nancy work as assistant manager whilst high on crystal meth? The IMAX
43%
Where did Joshy poop in Kettering? A display toilet
35%
What was the name of Jez and Big Suze's place? The Love Shack
30%
Who printed Jez's life coaching certificate? British London
22%
What was the name of Mark's personal trainer? Matt Townsend
22%
What was Mark's nickname at Polefield? Wankathon
17%
What song played for Jez and Nancy's first dance? Solid
13%
What was the book that Sophie was reading in the coffee shop with Mark? A Child Called It
4%
What did Mark name his potential unwanted dog? Carrington
4%
No matching quizzes found
Score Distribution
Percent of People with Each Score
Percentile by Number Answered
Your Score History
You have not taken this quiz